000 00253nam a2200097Ia 4500
008 220204s9999 xx 000 0 und d
082 _a678 (520)
_bPRO.5
245 0 _aProgress in polymer science Japan. V 5
260 _aTokyo
_bKodansha
_c1973
942 _cBK
999 _c34689
_d34689